000 00819nam a2200217 i 4500
001 24592
003 ES-MaACL
005 20260327145015.0
007 t|
008 021218s1915 sp ||||1| spa d
100 1 _aAntón del Olmet, Luis,
_d1886-1923
_921947
245 1 0 _aPedagogía nacional
_b: la obra de Eloy Bullón /
_cLuis Antón del Olmet.
260 _aMadrid :
_b[s.n.],
_c1915 (
_fImp. Cervantina)
300 _a96 p. ;
_c19 cm.
530 _aDisponible en formato digital.
600 1 4 _aBullón y Fernández, Eloy,
_cMarqués de Selva Alegre,
_d1879-1957
_932523
852 _aES-MaACL
_j1514-F-9
_9 25504
_cDEPOF
_zRevisado enlace: 27 de Marzo 2025.
856 4 _uhttp://bdh-rd.bne.es/viewer.vm?id=0000187857&page=1
_yBiblioteca Digital Hispánica
942 _2udc
999 _c24592
_d24592